[Event "September Blitz"]
[Site "SchemingMind.com"]
[Date "2014.09.07"]
[Round "-"]
[White "Stephen Woodhouse"]
[Black "David Perna-Fraser"]
[Result "0-1"]
[WhiteCountry "ENG"]
[BlackCountry "CAN"]
[WhiteElo "1838"]
[WhiteRD "49"]
[BlackElo "2095"]
[BlackRD "88"]
[GameID "364216"]

1. e4 e5 2. Nf3 Nf6 3. Nxe5 d6 4. Nf3 Nxe4 5. d4 d5 6. Bd3 Bd6 7. O-O O-O 8. c4 c6 9. cxd5 cxd5 10. Nc3 Re8
11. Re1 Nxc3 12. Rxe8+ Qxe8 13. bxc3 Nc6 14. Qb3 Bg4 15. Qxd5 Bxf3 16. Qxf3 Qe1+ 17. Bf1 Bxh2+ 18. Kxh2 Qxf1 19. Bb2 Qb5 20. Ba3 Re8
21. Bc5 Qb2 22. Rd1 Qxa2 23. d5 Ne5 24. Qe4 b6 25. Bd4 Qa4 26. Rb1 f6 27. Rb4 Qd7 28. Kg3 f5 29. Qb1 f4+ 30. Kxf4 Qg4+
31. Ke3 Nc6+ 32. Kd2 Qe2+ 33. Kc1 Qe1+ 34. Kb2 Qxb1+ 35. Kxb1 Nxb4
0-1

[Event "September Blitz"]
[Site "SchemingMind.com"]
[Date "2014.09.07"]
[Round "-"]
[White "David Perna-Fraser"]
[Black "Stephen Woodhouse"]
[Result "1-0"]
[WhiteCountry "CAN"]
[BlackCountry "ENG"]
[WhiteElo "2095"]
[WhiteRD "88"]
[BlackElo "1838"]
[BlackRD "49"]
[GameID "364217"]

1. e4 e6 2. d4 d5 3. exd5 exd5 4. Bd3 Bd6 5. Nf3 Ne7 6. O-O O-O 7. Nc3 c6 8. Re1 Bf5 9. Bxf5 Nxf5 10. Qd3 g6
11. Bg5 Qc7 12. Re2 Nd7 13. Rae1 f6 14. Bd2 Kf7 15. g4 Ne7 16. Re6 Rfe8 17. Bh6 Ng8 18. Qe2 Qb8 19. Rxe8 Qxe8 20. Ng5+ fxg5
21. Qf3+
1-0

[Event "September Blitz"]
[Site "SchemingMind.com"]
[Date "2014.09.08"]
[Round "-"]
[White "John Hamer"]
[Black "Stephen Woodhouse"]
[Result "1-0"]
[WhiteCountry "ENG"]
[BlackCountry "ENG"]
[WhiteElo "2051"]
[WhiteRD "59"]
[BlackElo "1838"]
[BlackRD "49"]
[GameID "364297"]

1. b3 e5 2. Bb2 Nc6 3. c4 Nf6 4. e3 d5 5. cxd5 Nxd5 6. a3 Bd6 7. Qc2 O-O 8. Nf3 Qe7 9. d3 f5 10. Nbd2 Kh8
11. Be2 Bd7 12. O-O Rae8 13. Nc4 Nb6 14. b4 Nxc4 15. dxc4 e4 16. c5 Be5 17. Nxe5 Nxe5 18. Rad1 Bc6 19. b5 Bd7 20. Bxe5 Qxe5
21. Rxd7
1-0

[Event "September Blitz"]
[Site "SchemingMind.com"]
[Date "2014.09.08"]
[Round "-"]
[White "Stephen Woodhouse"]
[Black "John Hamer"]
[Result "0-1"]
[WhiteCountry "ENG"]
[BlackCountry "ENG"]
[WhiteElo "1838"]
[WhiteRD "49"]
[BlackElo "2051"]
[BlackRD "59"]
[GameID "364298"]

1. e4 c6 2. d4 d5 3. exd5 cxd5 4. c4 Nf6 5. Nc3 Nc6 6. Nf3 e6 7. cxd5 exd5 8. Bb5 Be7 9. O-O O-O 10. Ne5 Qb6
11. Be3 a6 12. Bxc6 bxc6 13. Na4 Qb7 14. Rc1 Bd6 15. Nxc6 Bg4 16. f3 Bd7 17. Ne5 Bxa4 18. Qxa4 Qxb2 19. Nd3 Qe2 20. Bf4 Bxf4
21. Nxf4 Qe3+
0-1

[Event "September Blitz"]
[Site "SchemingMind.com"]
[Date "2014.09.08"]
[Round "-"]
[White "John Hamer"]
[Black "David Perna-Fraser"]
[Result "1/2-1/2"]
[WhiteCountry "ENG"]
[BlackCountry "CAN"]
[WhiteElo "2051"]
[WhiteRD "59"]
[BlackElo "2095"]
[BlackRD "88"]
[GameID "364299"]

1. d4 f5 2. g3 Nf6 3. Nf3 e6 4. c4 Be7 5. Bg2 O-O 6. Rg1 Nc6 7. Nc3 Ne4 8. d5 Nxc3 9. bxc3 Na5 10. Qa4 c5
11. Bg5 Bxg5 12. Nxg5 Qxg5 13. Qxa5 b6 14. Qa4 e5 15. Rb1=
1/2-1/2

[Event "September Blitz"]
[Site "SchemingMind.com"]
[Date "2014.09.08"]
[Round "-"]
[White "David Perna-Fraser"]
[Black "John Hamer"]
[Result "1/2-1/2"]
[WhiteCountry "CAN"]
[BlackCountry "ENG"]
[WhiteElo "2095"]
[WhiteRD "88"]
[BlackElo "2051"]
[BlackRD "59"]
[GameID "364300"]

1. e4 c6 2. d4 d5 3. exd5 cxd5 4. Bd3 Nf6 5. Nf3 Bg4 6. h3 Bh5 7. Bf4 Nc6 8. c3 e6 9. O-O Be7 10. Re1 O-O
11. Nbd2 a6 12. Nf1 Bg6 13. Bxg6 hxg6 14. Ng3 Rc8 15. Ne5 Qb6 16. Nd3 Nd7 17. Qd2 Na5 18. b3 Qa7 19. Rac1 b5 20. Qe3 Nc6
21. Ne2 Rfe8 22. Rc2 Bf6 23. Rec1 Kh7 24. Bd6 e5 25. Qg3 a5 26. dxe5 Ndxe5 27. Bxe5 Bxe5 28. Nxe5 Rxe5 29. Qd3 Qb6 30. g3 Rb8
31. Nd4 Re7 32. Nxc6 Qxc6 33. Rd2 Rd8 34. Qf3 Kg8 35. c4 Re5 36. Qc3 Qc7 37. c5 b4 38. Qd4 Re4 39. Qd3 Re6= 40. h4 Qc6
41. Qd4 Kh8 42. Qf4=
1/2-1/2

[Event "September Blitz"]
[Site "SchemingMind.com"]
[Date "2014.09.13"]
[Round "-"]
[White "John Hamer"]
[Black "SAMAEL"]
[Result "1-0"]
[WhiteCountry "ENG"]
[BlackCountry "CAN"]
[WhiteElo "2064"]
[WhiteRD "57"]
[BlackElo "1775"]
[BlackRD "48"]
[GameID "364487"]

1. c4 c5 2. Nf3 Nf6 3. d4 cxd4 4. Nxd4 e6 5. a3 a6 6. Nc3 Be7 7. e4 d6 8. Be2 O-O 9. O-O Bd7 10. Qc2 Nc6
11. Be3 Rc8 12. b3 Qc7 13. Nf3 h6 14. Na4 Qb8 15. Nb6 Rce8 16. Rac1 Bd8 17. b4 Ne7 18. Bd3 Nc8 19. Nxd7 Nxd7 20. Rfd1 Nf6
21. c5 Be7 22. Qa4 dxc5 23. bxc5 Ng4 24. Bd4 Nf6 25. e5 Nd5 26. c6 Nc7 27. cxb7 Na7 28. Bxa6 Rd8 29. Bxa7 Rxd1+ 30. Qxd1
1-0

[Event "September Blitz"]
[Site "SchemingMind.com"]
[Date "2014.09.14"]
[Round "-"]
[White "SAMAEL"]
[Black "John Hamer"]
[Result "0-1"]
[WhiteCountry "CAN"]
[BlackCountry "ENG"]
[WhiteElo "1763"]
[WhiteRD "52"]
[BlackElo "2051"]
[BlackRD "59"]
[GameID "364488"]

1. Nf3 g6 2. Nc3 Bg7 3. d4 d5 4. e3 Nf6 5. Be2 O-O 6. O-O b6 7. h3 Bb7 8. Bd2 Nbd7 9. a3 Rc8 10. Rc1 c5
11. Re1 Ne4 12. Na2 Ndf6 13. c3 Qd6 14. Rf1 g5 15. Nh2 c4 16. Re1 Nxf2 17. Kxf2 Qxh2 18. Rh1 Ne4+
0-1

[Event "September Blitz"]
[Site "SchemingMind.com"]
[Date "2014.09.13"]
[Round "-"]
[White "SAMAEL"]
[Black "Stephen Woodhouse"]
[Result "1/2-1/2"]
[WhiteCountry "CAN"]
[BlackCountry "ENG"]
[WhiteElo "1775"]
[WhiteRD "48"]
[BlackElo "1811"]
[BlackRD "48"]
[GameID "364489"]

1. e4 e6 2. d4 d5 3. exd5 exd5 4. Nf3 Bd6 5. Be2 Nf6 6. O-O O-O 7. h3 Bf5 8. Re1 Nbd7 9. Nc3 c6 10. a3 Re8
11. Be3 Ne4 12. Bd3 Qc7 13. Bxe4 Bxe4 14. Nxe4 Rxe4 15. c3 Rae8 16. Qd2 Nf6 17. Bg5 Bf4 18. Bxf4 Qxf4 19. Qxf4 Rxf4 20. Rxe8+ Nxe8
21. Re1 Kf8 22. Ne5 Re4= 23. Rxe4 dxe4 24. Kf1 Ke7 25. Ke2 Nd6 26. b3 Nb5 27. Kd2 Ke6 28. a4 Nd6 29. Ke3 f5 30. c4 Nf7
31. f4 exf3 32. Nxf3 a5 33. Kf4 Kf6 34. h4 g6 35. g3 h6 36. c5 g5+ 37. hxg5+ hxg5+ 38. Ke3 Ke6 39. Nd2 Kd5 40. Nc4 f4+
41. gxf4 gxf4+ 42. Kxf4 Kxd4 43. Nxa5 Nd8 44. Nc4 Kc3 45. Ke5 Kxb3 46. Nb6 Kb4 47. Kd6 Nf7+ 48. Kc7 Kxc5 49. Kxb7 Nd8+=
1/2-1/2

[Event "September Blitz"]
[Site "SchemingMind.com"]
[Date "2014.09.13"]
[Round "-"]
[White "Stephen Woodhouse"]
[Black "SAMAEL"]
[Result "1-0"]
[WhiteCountry "ENG"]
[BlackCountry "CAN"]
[WhiteElo "1811"]
[WhiteRD "48"]
[BlackElo "1775"]
[BlackRD "48"]
[GameID "364490"]

1. e4 e5 2. Nf3 d6 3. d4 exd4 4. Nxd4 Be7 5. Nc3 Bd7 6. Bc4 Nf6 7. O-O O-O 8. Re1 h6 9. Be3 Nc6 10. f3 a6
11. Nd5 Nxd5 12. Bxd5 Nxd4 13. Bxd4 c6 14. Bb3 Rc8 15. c3 Kh8 16. Qd2 Bf6 17. Rad1 Bg5 18. Be3 Bxe3+ 19. Rxe3 Qe7 20. Qxd6 Qxd6
21. Rxd6 Rc7 22. Red3 Bc8 23. Rd8 Rxd8 24. Rxd8+ Kh7 25. Kf2 f6 26. Ke3 b6 27. Bc2 g6 28. f4 Be6 29. a3 a5 30. Rd6 Bf7
31. Rxf6 Kg7 32. e5 b5 33. Rd6 a4 34. g4 Be8 35. f5 gxf5 36. gxf5 h5 37. f6+
1-0

[Event "September Blitz"]
[Site "SchemingMind.com"]
[Date "2014.09.14"]
[Round "-"]
[White "SAMAEL"]
[Black "David Perna-Fraser"]
[Result "0-1"]
[WhiteCountry "CAN"]
[BlackCountry "CAN"]
[WhiteElo "1775"]
[WhiteRD "48"]
[BlackElo "2156"]
[BlackRD "66"]
[GameID "364491"]

1. d4 f5 2. e3 Nf6 3. Nf3 e6 4. Be2 Be7 5. c4 O-O 6. O-O b6 7. Nc3 Bb7 8. b3 Qe8 9. Bb2 Ne4 10. Nd2 Nxc3
11. Bxc3 Qg6 12. Bf3 d5 13. Bb2 Nd7 14. Rc1 Nf6 15. h3 Ne4 16. cxd5 Nxd2 17. Qxd2 Bd6 18. Qe2 Bxd5 19. Bxd5 exd5 20. f4 Qe6
21. Rc6 Rae8 22. Re1 Qd7 23. Rcc1 Bxf4 24. Qd3 Bg3 25. Re2 Re4 26. Rf1 Qe6 27. Bc3 f4 28. Be1 Bxe1 29. Rfxe1 f3 30. Rf2 fxg2
31. Rxg2 Qxh3 32. Qd2 Rf3
0-1

[Event "September Blitz"]
[Site "SchemingMind.com"]
[Date "2014.09.13"]
[Round "-"]
[White "David Perna-Fraser"]
[Black "SAMAEL"]
[Result "1-0"]
[WhiteCountry "CAN"]
[BlackCountry "CAN"]
[WhiteElo "2156"]
[WhiteRD "66"]
[BlackElo "1775"]
[BlackRD "48"]
[GameID "364492"]

1. f4 d5 2. Nf3 f5 3. e3 Nf6 4. Be2 e6 5. O-O Be7 6. b3 O-O 7. Bb2 c5 8. Qe1 Nc6 9. Ne5 Bd7 10. Bf3 Be8
11. d3 h6 12. Nc3 Nxe5 13. fxe5 Nh7 14. Ne2 Ng5 15. Nf4 Nxf3+ 16. Rxf3 Bf7 17. a4 Bg5 18. a5 a6 19. Ba3 Be7 20. d4 cxd4
21. Bxe7 Qxe7 22. exd4 Rac8 23. Qf2 Rc6 24. Nd3 Rfc8 25. Nc5 Kh7 26. c3 Qc7 27. b4 Qe7 28. g4 g6 29. gxf5 gxf5 30. Rg3 Bg6
31. Qf4 Rg8 32. Kh1 Rc7 33. Rag1 Qe8 34. Rh3 h5 35. Rg5 Rgg7 36. Qh4 Kg8 37. Rhg3 Kf8 38. Rxg6 Rxg6 39. Rxg6 Rxc5 40. Qf6+ Qf7
41. Qd8+
1-0

[Event "September Blitz"]
[Site "SchemingMind.com"]
[Date "2014.09.14"]
[Round "-"]
[White "John Hamer"]
[Black "xarxziux"]
[Result "1-0"]
[WhiteCountry "ENG"]
[BlackCountry "IRL"]
[WhiteElo "2064"]
[WhiteRD "57"]
[BlackElo "1975"]
[BlackRD "68"]
[GameID "364515"]

1. d4 d6 2. Nf3 Nf6 3. c4 Nbd7 4. Nc3 e5 5. e4 Be7 6. Be2 O-O 7. O-O c6 8. Re1 a6 9. a3 b5 10. b4 bxc4
11. Bxc4 Nb6 12. Be2 Qc7 13. Be3 Ng4 14. Bd2 exd4 15. Nxd4 Bf6 16. Bf4 Be5 17. Bxe5 Nxe5 18. Rc1 Be6 19. f4 Nec4 20. a4 d5
21. f5 Bd7 22. a5 Nc8 23. exd5 N4d6 24. dxc6 Bxf5 25. Nd5 Qa7 26. Rf1
1-0

[Event "September Blitz"]
[Site "SchemingMind.com"]
[Date "2014.09.14"]
[Round "-"]
[White "xarxziux"]
[Black "John Hamer"]
[Result "1/2-1/2"]
[WhiteCountry "IRL"]
[BlackCountry "ENG"]
[WhiteElo "1975"]
[WhiteRD "68"]
[BlackElo "2064"]
[BlackRD "57"]
[GameID "364516"]

1. Nf3 d5 2. g3 Nf6 3. Bg2 g6 4. O-O Bg7 5. d4 O-O 6. c4 dxc4 7. Na3 Nc6 8. Nxc4 Be6 9. b3 Bd5 10. Bb2 a5
11. Rc1 a4 12. bxa4 Ra6 13. a3 Qa8 14. a5 Rd8 15. e3 Qc8 16. Qa4 Qe6 17. Nfe5 Bxg2 18. Kxg2 Qd5+ 19. Kg1 b5 20. Nxc6 Rxc6
21. e4 Nxe4 22. Ne3 Rxc1 23. Rxc1 Qa8 24. Qb4 Ng5 25. d5 Bxb2 26. Qxb2 Qxa5 27. h4 Ne4 28. Qe5 Qxa3 29. Rxc7 Qb4 30. Ng4 h5
31. Nh6+ Kh7 32. Nxf7 Qe1+ 33. Kg2 Qxf2+ 34. Kh3 Nf6=
1/2-1/2

[Event "September Blitz"]
[Site "SchemingMind.com"]
[Date "2014.09.16"]
[Round "-"]
[White "SAMAEL"]
[Black "xarxziux"]
[Result "0-1"]
[WhiteCountry "CAN"]
[BlackCountry "IRL"]
[WhiteElo "1548"]
[WhiteRD "46"]
[BlackElo "1877"]
[BlackRD "62"]
[GameID "364517"]

1. e4 d6 2. Nf3 Nf6 3. Nc3 e5 4. Be2 Be7 5. O-O O-O 6. Re1 c6 7. d3 b5 8. a3 Nbd7 9. h3 a5 10. Bd2 Re8
11. Nh2 Nf8 12. Ng4 Nxg4 13. Bxg4 Bg5 14. Bxc8 Bxd2 15. Qxd2 Rxc8 16. Ne2 Ne6 17. Kh1 Qb6 18. f4 exf4 19. Nxf4 Nxf4 20. Qxf4 Re6
21. Rf1 Qc7 22. Rf2 Rf6 23. Qe3 Rxf2 24. Qxf2 Re8 25. Rf1 Re6 26. Qe2 Qe7 27. Qd2 a4 28. Qc3 Qd8 29. Qxc6 Qb8 30. Qd7 Qe8
31. Qxe8+ Rxe8 32. Rf5 Rb8 33. Rd5 Rb6 34. e5 Kf8 35. Rxd6 Rb7 36. g4 b4 37. Ra6 bxa3
0-1

[Event "September Blitz"]
[Site "SchemingMind.com"]
[Date "2014.09.14"]
[Round "-"]
[White "xarxziux"]
[Black "SAMAEL"]
[Result "1-0"]
[WhiteCountry "IRL"]
[BlackCountry "CAN"]
[WhiteElo "1877"]
[WhiteRD "62"]
[BlackElo "1548"]
[BlackRD "46"]
[GameID "364518"]

1. Nf3 Nf6 2. g3 d5 3. Bg2 e6 4. O-O Be7 5. d4 O-O 6. c4 Nc6 7. b3 h6 8. Nc3 b6 9. Bb2 Bb7 10. Re1 Re8
11. e4 dxe4 12. Nxe4 Nxe4 13. Rxe4 Bf6 14. Re2 a5 15. a3 Rb8 16. Rd2 Qe7 17. Ne5 Nd8 18. Bxb7 Nxb7 19. Nc6 Qf8 20. Nxb8 Rxb8
21. Qc2 Rd8 22. Rad1 Nd6 23. d5 Bxb2 24. Qxb2 Ne4 25. Rd4 exd5 26. Rxd5 Rxd5 27. Rxd5 Nf6 28. Rd1 Qe7 29. Qc2 Kf8 30. Qf5 g6
31. Qf4 Kg7 32. Qc1 h5 33. Qb2 Kg8 34. Qd4 Kf8 35. Qd8+ Qxd8 36. Rxd8+ Ke7 37. Rd1 Nd7 38. f4 f5 39. b4
1-0

[Event "September Blitz"]
[Site "SchemingMind.com"]
[Date "2014.09.13"]
[Round "-"]
[White "Stephen Woodhouse"]
[Black "xarxziux"]
[Result "0-1"]
[WhiteCountry "ENG"]
[BlackCountry "IRL"]
[WhiteElo "1838"]
[WhiteRD "49"]
[BlackElo "1982"]
[BlackRD "78"]
[GameID "364519"]

1. e4 d6 2. d4 Nf6 3. Nc3 e5 4. Nf3 Nbd7 5. Bc4 Be7 6. O-O O-O 7. Re1 c6 8. a4 a5 9. h3 Nb6 10. Bb3 Nfd7
11. Be3 exd4 12. Nxd4 Nc5 13. Nf5 Bxf5 14. exf5 Nxb3 15. cxb3 Re8 16. Qg4 Nd7 17. Ne4 Nf6 18. Nxf6+ Bxf6 19. Bd4 Bxd4 20. Qxd4 Qc7
21. f6 g6 22. Qf4 Qd8 23. Kh2 h6 24. Rxe8+ Qxe8 25. Qxh6 Qe5+ 26. g3 Qxf6 27. Qd2 Re8 28. Rd1 Qf3 29. Qc2 Re2
0-1

[Event "September Blitz"]
[Site "SchemingMind.com"]
[Date "2014.09.13"]
[Round "-"]
[White "xarxziux"]
[Black "Stephen Woodhouse"]
[Result "1-0"]
[WhiteCountry "IRL"]
[BlackCountry "ENG"]
[WhiteElo "1982"]
[WhiteRD "78"]
[BlackElo "1838"]
[BlackRD "49"]
[GameID "364520"]

1. Nf3 e6 2. g3 f5 3. Bg2 Nf6 4. O-O d5 5. c4 c6 6. d4 Bd6 7. b3 O-O 8. Ba3 Bxa3 9. Nxa3 Bd7 10. Nc2 Be8
11. Nce1 Bh5 12. Ne5 Nbd7 13. N1d3 Nxe5 14. dxe5 Nd7 15. cxd5 cxd5 16. Nf4 Bf7 17. Bxd5 exd5 18. e6
1-0

[Event "September Blitz"]
[Site "SchemingMind.com"]
[Date "2014.09.14"]
[Round "-"]
[White "xarxziux"]
[Black "David Perna-Fraser"]
[Result "1/2-1/2"]
[WhiteCountry "IRL"]
[BlackCountry "CAN"]
[WhiteElo "1975"]
[WhiteRD "68"]
[BlackElo "2156"]
[BlackRD "66"]
[GameID "364521"]

1. Nf3 f5 2. g3 Nf6 3. Bg2 e6 4. O-O Be7 5. c4 O-O 6. d4 d6 7. Nc3 Ne4 8. Qc2 Nxc3 9. bxc3 Nd7 10. e4 fxe4
11. Qxe4 Nb6 12. Re1 Qe8 13. Nd2 Qf7 14. f4 Rb8 15. d5 e5 16. fxe5 Qf2+ 17. Kh1 Bf5 18. Qe3 Qxe3 19. Rxe3 Bg5 20. Re1 Bxd2
21. Bxd2 Nxc4 22. Bf4 Nxe5 23. Bxe5 dxe5 24. Rxe5 Rbe8 25. Rae1 Bd7 26. Rxe8=
1/2-1/2

[Event "September Blitz"]
[Site "SchemingMind.com"]
[Date "2014.09.14"]
[Round "-"]
[White "David Perna-Fraser"]
[Black "xarxziux"]
[Result "1-0"]
[WhiteCountry "CAN"]
[BlackCountry "IRL"]
[WhiteElo "2203"]
[WhiteRD "58"]
[BlackElo "1877"]
[BlackRD "62"]
[GameID "364522"]

1. e4 d6 2. d4 Nf6 3. Nc3 e5 4. dxe5 dxe5 5. Qxd8+ Kxd8 6. Bg5 Be6 7. O-O-O+ Nd7 8. f4 exf4 9. Nge2 h6 10. Bxf4 c6
11. a3 Bc5 12. Nd4 Ke7 13. Be2 Rhd8 14. Nf5+ Bxf5 15. exf5 Nb6 16. Be5 Nbd7 17. Bc7 Rdc8 18. Bf4 Nb6 19. b4 Bf2 20. Rhf1 Bh4
21. Bd6+ Ke8 22. g3 Bg5+ 23. Kb2 Nfd5 24. Nxd5 Nxd5 25. Bf3 Bf6+ 26. Kb3 Rd8 27. Bxd5 Rxd6 28. Bxf7+ Kd7 29. Be6+ Kc7 30. Rxd6 Kxd6
31. Rd1+ Kc7 32. Rd7+ Kb6 33. c4 Rd8 34. c5+ Ka6 35. a4 Rxd7 36. Bxd7 Be7 37. Kc4 b5+ 38. axb5+ cxb5+ 39. Bxb5+ Kb7 40. Kd5 Kc7
41. Ke6 Bf6 42. Kf7 Kd8 43. Be2 Kd7 44. h4 Kc6 45. g4 Bc3 46. b5+ Kxc5 47. g5 hxg5 48. hxg5 Kd6 49. f6 gxf6 50. g6 f5
51. g7
1-0

[Event "September Blitz"]
[Site "SchemingMind.com"]
[Date "2014.09.21"]
[Round "-"]
[White "rookie31"]
[Black "John Hamer"]
[Result "1-0"]
[WhiteCountry "IND"]
[BlackCountry "ENG"]
[WhiteElo "2164"]
[WhiteRD "67"]
[BlackElo "2051"]
[BlackRD "59"]
[GameID "364643"]

1. d4 d5 2. c4 c6 3. Nf3 Nf6 4. Nc3 a6 5. e3 Bf5 6. Be2 e6 7. O-O Bd6 8. c5 Bc7 9. Nh4 Bg6 10. Qb3 Ra7
11. Nxg6 hxg6 12. f4 g5 13. g3 gxf4 14. exf4 Nbd7 15. Qc2 b6 16. b4 bxc5 17. bxc5 Ba5 18. Bd2 Qc7 19. Bf3 O-O 20. Rab1 Rfa8
21. Rb3 Rb8 22. Rfb1 Raa8 23. h4 Bxc3 24. Bxc3 Rxb3 25. Rxb3 Qa7 26. Qb1 Rb8 27. Rxb8+ Nxb8 28. Qb6 Qa8 29. Qd8+ Kh7 30. Qc8 Nfd7
31. Kg2 Qa7 32. Be2 g6 33. Ba5 Nf6 34. Bb6 Qa8 35. Bc7
1-0

[Event "September Blitz"]
[Site "SchemingMind.com"]
[Date "2014.09.21"]
[Round "-"]
[White "John Hamer"]
[Black "rookie31"]
[Result "0-1"]
[WhiteCountry "ENG"]
[BlackCountry "IND"]
[WhiteElo "2051"]
[WhiteRD "59"]
[BlackElo "2164"]
[BlackRD "67"]
[GameID "364644"]

1. d4 Nf6 2. Nf3 d5 3. c4 c6 4. Nc3 e6 5. Bf4 dxc4 6. a4 Bb4 7. Qc2 Nbd7 8. Bd2 a5 9. e3 Nb6 10. Ne5 O-O
11. Nxc4 Nxc4 12. Bxc4 e5 13. dxe5 Ng4 14. Ne4 Bf5 15. Bxb4 axb4 16. Bd3 Nxe5 17. Nf6+ Qxf6 18. Bxf5 g6 19. Be4 Qe6 20. O-O Rfd8
21. Rfd1 Rxd1+ 22. Rxd1 b3 23. Qc3= Rxa4 24. Bb1 f6 25. e4 Kg7 26. f4 Nf7 27. Qd3 c5 28. Qe3 b6 29. Qc3 Qg4 30. Rf1 Qd7
31. Qxb3 Qd4+ 32. Kh1 Rb4 33. Qe6 Qd6 34. Qxd6 Nxd6 35. e5 Nc4 36. Re1 fxe5 37. fxe5 Kf8 38. Ba2 Nxe5 39. b3 Nc6 40. Kg1 Nd4
41. Re3 Rb5 42. Kf2 c4 43. bxc4= Rb2+
0-1

[Event "September Blitz"]
[Site "SchemingMind.com"]
[Date "2014.09.21"]
[Round "-"]
[White "rookie31"]
[Black "SAMAEL"]
[Result "1-0"]
[WhiteCountry "IND"]
[BlackCountry "CAN"]
[WhiteElo "2187"]
[WhiteRD "66"]
[BlackElo "1775"]
[BlackRD "48"]
[GameID "364645"]

1. d4 d5 2. c4 e6 3. Nc3 Nf6 4. Nf3 Nc6 5. cxd5 exd5 6. a3 h6 7. e3 a6 8. Bd3 Be7 9. Bd2 O-O 10. h3 Bd7
11. Ne5 Na7 12. O-O c6 13. Na4 Re8 14. Bb4 Bxb4 15. axb4 Nb5 16. Nc5 Nd6 17. Qf3 Rb8 18. Qf4 Be6 19. Rfc1 Nd7 20. Nexd7 Bxd7
21. Qxd6 Be6 22. Qh2 Qe7 23. Re1 Qd8 24. Qf4 Bc8 25. Qxb8
1-0

[Event "September Blitz"]
[Site "SchemingMind.com"]
[Date "2014.09.21"]
[Round "-"]
[White "SAMAEL"]
[Black "rookie31"]
[Result "0-1"]
[WhiteCountry "CAN"]
[BlackCountry "IND"]
[WhiteElo "1775"]
[WhiteRD "48"]
[BlackElo "2187"]
[BlackRD "66"]
[GameID "364646"]

1. Nf3 d5 2. e3 Nf6 3. d4 e6 4. c4 c6 5. Nc3 Nbd7 6. a3 Bd6 7. Be2 b6 8. O-O Bb7 9. h3 h6 10. Bd2 O-O
11. Rc1 Qe7 12. Nh2 Ne4 13. Nxe4 dxe4 14. f4 exf3 15. Bxf3 f5 16. Qa4 Nf6 17. Rfe1 Qc7 18. Nf1 c5 19. dxc5 Bxc5 20. Bxb7 Qxb7
21. Bb4 Ne4 22. Nd2 Bxb4 23. Qxb4 a5 24. Qb5 Nxd2 25. c5 Qd5 26. Red1 Qe5 27. Qxb6 Nf3+ 28. Kf2 Rab8 29. Qxa5 Rxb2+ 30. Kf1 Qxe3
0-1

[Event "September Blitz"]
[Site "SchemingMind.com"]
[Date "2014.09.21"]
[Round "-"]
[White "rookie31"]
[Black "Stephen Woodhouse"]
[Result "1-0"]
[WhiteCountry "IND"]
[BlackCountry "ENG"]
[WhiteElo "2164"]
[WhiteRD "67"]
[BlackElo "1838"]
[BlackRD "49"]
[GameID "364647"]

1. d4 e6 2. c4 f5 3. Nc3 Nf6 4. Nf3 d5 5. cxd5 exd5 6. Bg5 Be7 7. e3 O-O 8. Be2 c6 9. O-O Ne4 10. Bxe7 Qxe7
11. Bd3 Nd7 12. Qc2 Ndf6 13. Ne5 Nd7 14. f4 Nxe5 15. fxe5 Bd7 16. Rac1 Qg5 17. Rf4 Qh6 18. Qb3 g5 19. Rff1 Rf7 20. Nxe4 fxe4
21. Rxf7 Kxf7 22. Qxb7
1-0

[Event "September Blitz"]
[Site "SchemingMind.com"]
[Date "2014.09.21"]
[Round "-"]
[White "Stephen Woodhouse"]
[Black "rookie31"]
[Result "0-1"]
[WhiteCountry "ENG"]
[BlackCountry "IND"]
[WhiteElo "1838"]
[WhiteRD "49"]
[BlackElo "2164"]
[BlackRD "67"]
[GameID "364648"]

1. e4 c6 2. d4 d5 3. exd5 cxd5 4. c4 e6 5. Nc3 Nf6 6. Nf3 Nc6 7. cxd5 Nxd5 8. Bd3 Bd6 9. O-O O-O 10. Re1 Ndb4
11. Bb1 Nd5 12. Nxd5 exd5 13. Qd3 g6 14. Bg5 Qb6 15. Bf6 Bg4 16. Qe3 Rfe8 17. Ne5 Re6 18. Qg5 Rae8 19. Qxg4 Rxf6 20. Nd7 Rxe1#
0-1

[Event "September Blitz"]
[Site "SchemingMind.com"]
[Date "2014.09.21"]
[Round "-"]
[White "rookie31"]
[Black "xarxziux"]
[Result "1-0"]
[WhiteCountry "IND"]
[BlackCountry "IRL"]
[WhiteElo "2187"]
[WhiteRD "66"]
[BlackElo "1975"]
[BlackRD "68"]
[GameID "364649"]

1. d4 d6 2. c4 Nf6 3. Nc3 Nbd7 4. e4 e5 5. d5 Be7 6. Nf3 O-O 7. Be2 Ne8 8. O-O g6 9. Be3 f5 10. exf5 gxf5
11. a3 Ng7 12. g3 Nf6 13. Qb3 b6 14. Rfe1 Ng4 15. Bd2 Qe8 16. h3 Nf6 17. Qc2 h5 18. Ng5 Nh7 19. h4 Nxg5 20. hxg5 f4
21. gxf4 Bf5 22. Qc1 e4 23. Bd1 Qg6 24. Nb5 Bd7 25. Kh1 Qf5 26. Qc3 Bxb5 27. cxb5 e3 28. Rxe3 Qxd5+ 29. Bf3 Qf7 30. Qd3 Qxf4
31. Bxa8 Bxg5 32. Bd5+ Kh8 33. Rf3
1-0

[Event "September Blitz"]
[Site "SchemingMind.com"]
[Date "2014.09.21"]
[Round "-"]
[White "xarxziux"]
[Black "rookie31"]
[Result "0-1"]
[WhiteCountry "IRL"]
[BlackCountry "IND"]
[WhiteElo "1975"]
[WhiteRD "68"]
[BlackElo "2187"]
[BlackRD "66"]
[GameID "364650"]

1. Nf3 d5 2. g3 Nf6 3. Bg2 Nc6 4. d4 g6 5. O-O Bg7 6. c4 dxc4 7. Na3 O-O 8. Nxc4 Be6 9. b3 Qc8 10. Re1 Bd5
11. Bb2 Rd8 12. e3 Ne4 13. Qe2 a5 14. a3 Qe6 15. Rac1 Bf6 16. Red1 Bg7 17. Ne1 Ng5 18. Bxd5 Qxd5 19. h4 Ne6
0-1

[Event "September Blitz"]
[Site "SchemingMind.com"]
[Date "2014.09.21"]
[Round "-"]
[White "rookie31"]
[Black "David Perna-Fraser"]
[Result "1-0"]
[WhiteCountry "IND"]
[BlackCountry "CAN"]
[WhiteElo "2187"]
[WhiteRD "66"]
[BlackElo "2156"]
[BlackRD "66"]
[GameID "364651"]

1. d4 f5 2. c4 Nf6 3. Nc3 e6 4. Nf3 Be7 5. g3 O-O 6. Bg2 d6 7. O-O Nbd7 8. Be3 Nb6 9. Qb3 d5 10. cxd5 Nbxd5
11. Bg5 c6 12. Ne5 Qb6 13. Rfd1 Qxb3 14. axb3 h6 15. Bd2 Kh7 16. h4 Ng4 17. Nxg4 fxg4 18. Na4 a5 19. Rdc1 Bb4 20. Bxb4 Nxb4
21. Be4+ Kg8 22. Nb6 Ra6 23. Nc4 Nd5 24. Nxa5 Rd8 25. e3 Rb6 26. Ra3 Rb4 27. Nc4 Nb6 28. Bd3 Rb5 29. Nxb6 Rxb6 30. Rc5 Kf7
31. Re5 Rb4 32. Re4 g5 33. hxg5 hxg5 34. Ra8 Ke7 35. Bc2 Rb5 36. Rxg4 Bd7 37. Rxd8 Kxd8 38. Re4 c5 39. Re5 cxd4 40. Rxb5 Bxb5
41. exd4 Kc7 42. Kg2 Kd6 43. Be4 b6 44. Kf3 e5 45. Ke3 Bd7 46. Kd3 Bb5+ 47. Kc3 Be2 48. b4 Bf1 49. f3 Ba6 50. Bd3 Bb7
51. dxe5+ Kxe5 52. Be2 Bc6 53. Kd3 Bb5+ 54. Ke3 Bc6 55. f4+ gxf4+ 56. gxf4+ Kf6 57. Bf3 Bb5 58. Be2 Bc6 59. b5 Bd7 60. Bd3 Be6
61. Kd4 Bf7 62. f5 Bb3 63. Bc4 Bc2 64. Kd5 Bxf5 65. Kc6 Ke7 66. Kxb6 Kd6 67. Ka7 Kc5 68. b3
1-0